000 00673nam a22002177a 4500
003 UA-OsUOA
001 125726
007 ta
008 20170925b un ||||| |||| 00| 0 ukr d
100 _aСімачова О.М.
090 _a311
_bС41
942 _cSA
040 _aUA-OsUOA
_bukr
_cUA-OsUOA
_dUA-OsUOA
245 _aСтатистичне моделювання великої відкритої економіки США
300 _aС.20-27
955 _a0
041 _aukr
080 _a311
773 0 _w125723
_tСтатистика України
_dК.
_d2017
_g2
650 7 _a311 Статистика як наука. Теорія статистики
_2UDC
999 _c412958
_d412958